00478nam a2200181 a 45000010005000000030009000050080041000140400028000550820016000831000020000992450062001192500007001812600032001883000015002206500019002356500027002546500015002812416CO-ViMGA141112s2004 ck r 000 u spa d aCO-ViMGAbspacCO-ViMGA04a463.1 M644o1 aMojica, Gonzalo10aOrtografía integral / cMojica Gonzalo , Amado Roberto  a4a aBogotá : bEducar, c1991 a125 p : il14aAmado, Roberto14aESPAÑOL - ORTOGRAFIA14aORTOGRAFIA